Cấu trúc vải dệt kim /
Các phần tử cấu trúc cơ bản của vải dệt kim; Cấu trúc vải dệt kim đan ngang; Cấu trúc vải dệt kim đan dọc; Các kiểu dệt đặc biệt; Tính chất của vải dệt kim; Mô hình hóa cấu trúc và tính chất của vải dệt kim.
Na minha lista:
| Autor principal: | |
|---|---|
| Formato: | Livro |
| Idioma: | Vietnamese |
| Publicado em: |
Hà Nội :
Khoa học và kỹ thuật,
2003.
|
| Assuntos: | |
| Tags: |
Adicionar Tag
Sem tags, seja o primeiro a adicionar uma tag!
|
| Thư viện lưu trữ: | Mạng thư viện Đại học Đà Nẵng |
|---|
| LEADER | 01370cam a2200361 a 4500 | ||
|---|---|---|---|
| 001 | 000044436 | ||
| 003 | 2817 | ||
| 005 | 20060413151446.0 | ||
| 008 | 010314b2003 vm 000 vie | ||
| 020 | |c 20000 | ||
| 040 | |a LRC |c LRC |d LRC | ||
| 041 | 0 | |a vie | |
| 082 | 1 | 4 | |a 677.028 |b LÊ-C |
| 100 | 1 | |a Lê Hữu Chiến. | |
| 245 | 1 | 0 | |a Cấu trúc vải dệt kim / |c Lê Hữu Chiến. |
| 260 | |a Hà Nội : |b Khoa học và kỹ thuật, |c 2003. | ||
| 300 | |a 207 tr. : |b mh. ; |c 20,5 cm. | ||
| 520 | 3 | |a Các phần tử cấu trúc cơ bản của vải dệt kim; Cấu trúc vải dệt kim đan ngang; Cấu trúc vải dệt kim đan dọc; Các kiểu dệt đặc biệt; Tính chất của vải dệt kim; Mô hình hóa cấu trúc và tính chất của vải dệt kim. | |
| 630 | 0 | 4 | |a Vải. |
| 630 | 0 | 4 | |a Dệt may. |
| 650 | 0 | 4 | |a Vải |x Dệt kim. |
| OWN | |a DUT | ||
| AVA | |a UDN50 |b DUT |c Book |d 677.028 LÊ-C |e available |t Error 5001 Not defined in file expand_doc_bib_avail. |f 5 |g 0 |h N |i 0 |j SH |k 1 | ||
| 999 | |a From the UDN01 | ||
| AVA | |a UDN50 |b DUT |c Book |d 677.028 LÊ-C |e available |t Error 5001 Not defined in file expand_doc_bib_avail. |f 5 |g 0 |h N |i 0 |j SH |k 1 | ||
| TYP | |a Monograph | ||
| TYP | |a Printed language | ||
| 980 | |a Mạng thư viện Đại học Đà Nẵng | ||